[Event "Rail 5 countries 23rd"]
[Site "Zakopane"]
[Date "2007.09.29"]
[Round "3.3"]
[White "Ilgner, Andreas"]
[Black "Crowdy, Stephen C"]
[Result "1-0"]
[WhiteElo "2167"]
[BlackElo "2030"]
[PlyCount "92"]
[EventDate "2007.09.28"]
[EventType "team-tourn"]
[EventRounds "5"]
[EventCountry "POL"]
[SourceTitle "EXT 2010"]
[Source "ChessBase"]
[SourceDate "2010.11.25"]
[SourceVersion "1"]
[SourceVersionDate "2010.11.25"]
[SourceQuality "1"]
[WhiteTeam "Germany"]
[BlackTeam "England"]
[WhiteTeamCountry "GER"]
[BlackTeamCountry "ENG"]

1. d4 Nf6 2. c4 e6 3. Nc3 d5 4. Nf3 c6 5. e3 Bd6 6. Bd3 Nbd7 7. 0-0 0-0 8. e4 dxe4 9. Nxe4 Nxe4 10. Bxe4 h6 11. Bc2 Nf6 12. Qd3 Qc7 13. Re1 Rd8 14. Qe2 Bf4 15. Rd1 Bxc1 16. Raxc1 c5 17. dxc5 Rxd1+ 18. Rxd1 b6 19. Qe5 Qe7 20. c6 Ba6 21. b3 Rc8 22. Nd4 Kf8 23. h3 Ne8 24. Be4 Qd6 25. Qxd6+ Nxd6 26. Bf3 Ke7 27. Nc2 Rc7 28. Nb4 Bc8 29. Re1 Kf6 30. Nd3 Nf5 31. b4 Nd4 32. b5 Nxf3+ 33. gxf3 g5 34. f4 gxf4 35. Nxf4 Kf5 36. Nd3 f6 37. f4 Rg7+ 38. Kf2 h5 39. a4 Rg8 40. Rd1 Rd8 41. Ke3 e5 42. fxe5 fxe5 43. Rf1+ Ke6 44. c5 Ke7 45. cxb6 axb6 46. Nxe5 Be6 1-0

[Event "Kuala Lumpur op 4th"]
[Site "Kuala Lumpur"]
[Date "2007.08.25"]
[Round "9"]
[White "Mehdi, Hasan Parag"]
[Black "Crowdy, Stephen C"]
[Result "0-1"]
[WhiteElo "2280"]
[BlackElo "2030"]
[PlyCount "50"]
[EventDate "2007.08.20"]
[EventType "swiss"]
[EventRounds "11"]
[EventCountry "MAS"]
[SourceTitle "CBM 120 Extra"]
[Source "ChessBase"]
[SourceDate "2007.11.01"]
[SourceVersion "1"]
[SourceVersionDate "2007.11.01"]
[SourceQuality "1"]

1. e4 e5 2. Nf3 Nc6 3. Bb5 Nd4 4. Nxd4 exd4 5. d3 c6 6. Bc4 d5 7. exd5 cxd5 8. Bb3 Bc5 9. 0-0 a5 10. c4 Ra6 11. cxd5 Rg6 12. Qf3 Nf6 13. Re1+ Kf8 14. h3 h5 15. d6 Bxd6 16. Kf1 Qc7 17. Qe2 Bh2 18. Qc2 Bxh3 19. gxh3 Rg1+ 20. Ke2 Qe5+ 21. Be3 Rxe1+ 22. Kxe1 dxe3 23. fxe3 Qxe3+ 24. Qe2 Qc1+ 25. Kf2 Qg5 0-1

[Event "Kuala Lumpur op 4th"]
[Site "Kuala Lumpur"]
[Date "2007.08.20"]
[Round "1"]
[White "Ginting, Nasib"]
[Black "Crowdy, Stephen C"]
[Result "1-0"]
[WhiteElo "2393"]
[BlackElo "2030"]
[PlyCount "71"]
[EventDate "2007.08.20"]
[EventType "swiss"]
[EventRounds "11"]
[EventCountry "MAS"]
[SourceTitle "CBM 120 Extra"]
[Source "ChessBase"]
[SourceDate "2007.11.01"]
[SourceVersion "1"]
[SourceVersionDate "2007.11.01"]
[SourceQuality "1"]

1. Nf3 f5 2. g3 Nf6 3. Bg2 e6 4. 0-0 d5 5. d4 Bd6 6. c4 c6 7. b3 0-0 8. Ba3 Bxa3 9. Nxa3 Qe7 10. Nc2 Bd7 11. Nce1 Be8 12. Nd3 Nbd7 13. Qc2 Bh5 14. Nfe5 Nxe5 15. dxe5 Nd7 16. e3 Rac8 17. Qb2 g5 18. Rac1 f4 19. exf4 Bg6 20. Rfd1 Bxd3 21. Rxd3 gxf4 22. cxd5 exd5 23. gxf4 Rxf4 24. Bxd5+ Kf8 25. Rg3 Qh4 26. Qa3+ c5 27. e6 Rxf2 28. Bg2 Rxg2+ 29. Rxg2 Ne5 30. Qb2 Ng6 31. Qf2+ Qxf2+ 32. Rxf2+ Ke7 33. Rf7+ Kxe6 34. Rxb7 Nf4 35. Re1+ Kf5 36. Rf7+ 1-0